| 000 | 01154cad a22002175a 4500 | ||
|---|---|---|---|
| 001 | L155744 | ||
| 008 | 120413s2012 xxk 000 0 eng d | ||
| 035 | _a(Sirsi) u155744 | ||
| 041 | 0 | _aeng | |
| 110 | 2 |
_aEC Harris _94930 |
|
| 245 | 0 | 0 |
_aMarket view UK spring 2012 _bglobal economy worries affect investor confidence and push back recovery in tender prices _h[electronic resource] |
| 260 |
_aLondon _bEC Harris _c2012 |
||
| 490 | 0 |
_aEC Harris Research Market View UK _vSpring 2012 |
|
| 520 | _aAfter some optimism early in 2011, the latest Experian state of trade survey shows that confidence across the industry has fallen in recent months and as a result, the recovery in tender price is now not expected until the 1st quarter of 2013 for London and 3rd/4th quarter of 2013 across much of the rest of the UK. Infrastructure, insolvencies and how to avoid them. | ||
| 590 | _aKA NTK | ||
| 651 | 4 |
_aUnited Kingdom _y |
|
| 690 |
_aConstruction management _96230 |
||
| 690 |
_aCost management _96233 |
||
| 856 | 4 | 0 |
_uhttps://www.echarris.com/PDF/8110_Market%20View_Spring%202012%20V3.pdf _zView the item free of charge at www.echarris.com |
| 942 | _n0 | ||
| 999 |
_c113789 _d113789 |
||